Výpočet akustického výkonu vyzařovaného kmitajícím povrchem strojů

Bibliographic Details
Main Author: Pavlovský, H. (Author)
Format: Article
Language:Czech

MARC

LEADER 00000nab a2200000uu 4500
001 vtls011457333
003 SK-MaSNL
005 20260303151634.0
008 230222|1972 xo |||||||||||||||||cze|
015 |a SNBRB 
035 |a (urnnbn)urn:nbn:sk:snk:ar-a09udh 
035 |a (uuid)a666bbd4-3316-4d59-9ede-a93ee4ee0463 
035 |a urn:nbn:sk:snk-abcry4 
040 |a SNKBUCL  |b slo  |c SNKBUCL  |e AACR2 
041 0 |a cze 
044 |a xo  |c SK 
100 1 |a Pavlovský, H.  |4 aut  |9 1171452 
245 1 0 |a Výpočet akustického výkonu vyzařovaného kmitajícím povrchem strojů  |c H. Pavlovský 
773 0 |t Strojnícky časopis  |g Roč. 23, č. 3 (1972), s. 198-212 
958 |a OND 
958 |a EUIPO 
958 |a article16 
999 |c 2018708  |d 2020638